Pozícia rodinného podniku z pohľadu externého mikroprostredia bakalárska práca

Na minha lista:
Detalhes bibliográficos
Autor principal: Badura, Michal
Autor Corporativo: Obchodná fakulta EU. Katedra marketingu
Outros Autores: Filo, Peter
Formato: Livro
Idioma:eslovaco
Publicado em: Bratislava 2009
Tags: Adicionar Tag
Sem tags, seja o primeiro a adicionar uma tag!

MARC

LEADER 00000nam$a2200000$$$4500
001 0099618
005 20240318135508.3
041 0 |a slo 
044 |a SK 
245 1 0 |a Pozícia rodinného podniku z pohľadu externého mikroprostredia  |b bakalárska práca  |c Michal Badura ; škol. Peter Filo 
264 1 |a Bratislava  |c 2009 
300 |a 52 s. 
100 1 |a Badura, Michal 
700 1 |a Filo, Peter 
710 2 |a Obchodná fakulta EU. Katedra marketingu